00330nam a2200133Ia 4500008004100000041000800041082001800049100001600067245004300083260001100126300002600137365001700163700001600180230718s9999 xx 000 0 und d aeng a621.3824bBRO aBrookner E. aPractical Phased Array Antenna Systems bArtech dRef 1067 E ME (29931) cRs.b9828.00 aBrookner E.